5HLuxD.jpg

KING HENRY VIII SENIOR AND PRIMARY SCHOOL LIBRARY OPAC

Five star billionaire : (Record no. 5819)

000 -LEADER
fixed length control field 01299cam a2200289 a 4500
001 - CONTROL NUMBER
control field .b13216612
003 - CONTROL NUMBER IDENTIFIER
control field OSt
005 - DATE AND TIME OF LATEST TRANSACTION
control field 20251118091356.0
008 - FIXED-LENGTH DATA ELEMENTS--GENERAL INFORMATION
fixed length control field 140516s2014 enk 000 1 eng d
020 ## - INTERNATIONAL STANDARD BOOK NUMBER
International Standard Book Number 9780007494187
Qualifying information (pbk.)
040 ## - CATALOGING SOURCE
Original cataloging agency WJB
Transcribing agency CC4KG
Modifying agency KH8
042 ## - AUTHENTICATION CODE
Authentication code nbic
082 ## - DEWEY DECIMAL CLASSIFICATION NUMBER
Classification number FIC AW
100 1# - MAIN ENTRY--PERSONAL NAME
Personal name Aw, Tash,
Relator term author.
245 10 - TITLE STATEMENT
Title Five star billionaire :
Remainder of title a novel /
Statement of responsibility, etc. Tash Aw.
250 ## - EDITION STATEMENT
Edition statement Fourth Estate pbk. ed.
260 ## - PUBLICATION, DISTRIBUTION, ETC.
Place of publication, distribution, etc. London :
Name of publisher, distributor, etc. Fourth Estate,
Date of publication, distribution, etc. 2014.
300 ## - PHYSICAL DESCRIPTION
Extent 437 p. ;
Dimensions 20 cm.
500 ## - GENERAL NOTE
General note Originally published: 2013.
520 ## - SUMMARY, ETC.
Summary, etc. Welcome to Shanghai. A Restless city where old traditions collide with new ambitions - a place where anything can happen and anyone can become somebody.<br/><br/>Factory-girl-turned-golddigger, property magnate, pop star, entrepreneur and guru: five newcomers are lured by the promise of making fortunes and remaking identities. But they find their lives converging in unpredictable ways, as the five star billionaire's lessons for success
586 ## - AWARDS NOTE
Awards note Longlisted for the Man Booker prize 2013.
650 #0 - SUBJECT ADDED ENTRY--TOPICAL TERM
Topical term or geographic name entry element Malaysians
Geographic subdivision China
Form subdivision Fiction.
650 #0 - SUBJECT ADDED ENTRY--TOPICAL TERM
Topical term or geographic name entry element Young adults
Geographic subdivision China
Form subdivision Fiction.
651 #0 - SUBJECT ADDED ENTRY--GEOGRAPHIC NAME
Geographic name China
General subdivision Civilization
Chronological subdivision 21st century
Form subdivision Fiction.
651 #0 - SUBJECT ADDED ENTRY--GEOGRAPHIC NAME
Geographic name Shanghai (China)
General subdivision Social life and customs
Form subdivision Fiction.
942 ## - ADDED ENTRY ELEMENTS (KOHA)
Source of classification or shelving scheme
Koha item type Books - Fiction
Holdings
Withdrawn status Lost status Source of classification or shelving scheme Damaged status Not for loan Collection code Permanent Location Current Location Shelving location Date acquired Full call number Barcode Date last seen Copy number Price effective from Koha item type
          Fiction KH8 Senior School Library KH8 Senior School Library Fiction 2025-11-18 FIC AW 3KHSL000102511 2025-11-18 Donation Book 2025-11-18 Books - Fiction

Powered By KH8 IT Dept